| 000 | 00829nam a22002295i 4500 | ||
|---|---|---|---|
| 001 | 166256 | ||
| 003 | ES-MaACL | ||
| 005 | 20250808063159.0 | ||
| 008 | 050912s1859 fr | |||||||| ||fre d | ||
| 040 |
_aCAM _bspa _cCAM |
||
| 100 | 1 |
_aThierry, Augustin, _d1795-1856 _9133216 |
|
| 245 | 1 | 0 |
_aRécits des temps mérovingiens _b: précédés de considérations sur l'histoire de France / _cpar Augustin Thierry. |
| 250 | _a6e éd. rev. et corr. | ||
| 260 |
_aParis : _bFurne et c\pe\s éditeurs, _c1859 ( _fImprimerie J. Claye) |
||
| 300 |
_a2 v. (347; 355 p.) ; _c18 cm. |
||
| 490 | 1 |
_aAugustin Thierry ; _v7; 8 |
|
| 650 | 4 |
_aMerovingios. _9136489 |
|
| 651 | 4 |
_aFrancia- _xHistoria _98679 |
|
| 830 | 0 | 0 |
_aAugustin Thierry _v7; 8 _9188614 |
| 852 |
_aES-MaACL _jF-9288-9289 _z-- Enc. hol. |
||
| 999 |
_c166256 _d166256 |
||